00910cam a2200289 i 45000010008000000030004000080050017000120080041000290100017000700200031000870200018001180350012001360400028001480500023001760820019001991000020002182450087002382500042003252600064003673000036004313360026004673370028004933380027005215000022005485040032005706500018006021355425OSt20251126054824.0801120t19811970mnua b 001 0 eng  a 80027364  a0816610266 (pbk.) :c$8.95 a9780816610266 a1355425 aDLCcDLCdDLCdWaUdDLC00aQL737.C22bM4 198100a599.74/4422191 aMech, L. David.14aThe wolf :bthe ecology and behavior of an endangered species /cby L. David Mech. a1st University of Minnesota Press ed. aMinneapolis :bUniversity of Minnesota Press,c1981, c1970. axxiii, 384 p. :bill. ;c23 cm. atextbtxt2rdacontent aunmediatedbn2rdamedia avolumebnc2rdacarrier aIncludes indexes. aBibliography: p. [364]-374. 0aEastern wolf.